[Event "AUTO-OPEN-1592"]
[Site "http://www.queenalice.com/game.php?id=605955"]
[Date "2009.6.19"]
[Round "1"]
[White "mere"]
[Black "mrhooper"]
[Result "0-1"]
[WhiteElo "1887"]
[BlackElo "1949"]

1. e4 c5 2. Nf3 d6 3. d4 Nf6 4. Nc3 cxd4 5. Nxd4 Nc6 6. Bg5 e6 7. Bb5 Bd7 8.
Bxf6 Qxf6 9. Bxc6 bxc6 10. O-O g6 11. Qd3 Bg7 12. Nce2 O-O 13. c3 e5 14. Nf3
Rfe8 15. Ng3 d5 16. c4 d4 17. b3 Bg4 18. c5 Bxf3 19. gxf3 Bf8 20. b4 a5 21. b5
Bxc5 22. a4 cxb5 23. Qxb5 Bd6 24. Rfc1 Qxf3 25. Qe2 Qxe2 26. Nxe2 d3 27. Ng3 Bb4
28. Nf1 Red8 29. Rd1 Rd4 30. f3 Rad8 31. Nd2 Bc5 32. Kh1 Rb4 33. h4 Rb2 34. Nc4
Rc2 35. Nxe5 d2 36. Nc4 Rxc4 37. Kg2 Be3 38. Kf1 Rc1 39. Ke2 Rxa1 40. Rxa1 Rc8
41. Kxe3 Rc1 42. Kxd2 Rxa1 43. e5 Rxa4 44. Kc3 Rb4 45. f4 Rb8 46. Kd4 a4 47. Kd5
a3 0-1

[Event "AUTO-ADV-1190"]
[Site "http://www.queenalice.com/game.php?id=608817"]
[Date "2009.6.25"]
[Round "2"]
[White "mrhooper"]
[Black "Penroyal"]
[Result "0-1"]
[WhiteElo "1991"]
[BlackElo "2024"]

1. e4 e6 2. d3 d5 3. Nd2 Nf6 4. Ngf3 c5 5. g3 Nc6 6. Bg2 Be7 7. O-O O-O 8. Re1
Qc7 9. e5 Nd7 10. Qe2 b6 11. c3 Ba6 12. Nf1 g5 13. Bxg5 Bxg5 14. Nxg5 Qxe5 15.
Qh5 Qg7 16. c4 Nf6 17. Qh4 Rad8 18. Ne3 Nd4 19. cxd5 exd5 20. Nf3 Bxd3 21. Nxd4
cxd4 22. Qxd4 Be4 23. f3 Bg6 24. Rad1 Rfe8 25. f4 Be4 26. Bxe4 Rxe4 27. Qd3 Rde8
28. Nf5 Rxe1+ 29. Rxe1 Rxe1+ 30. Kf2 Ne4+ 31. Kxe1 Qxb2 32. Qxd5 Qf2+ 0-1

[Event "AUTO-ADV-1190"]
[Site "http://www.queenalice.com/game.php?id=608818"]
[Date "2009.6.25"]
[Round "2"]
[White "Penroyal"]
[Black "mrhooper"]
[Result "1-0"]
[WhiteElo "2014"]
[BlackElo "2007"]

1. d4 Nf6 2. c4 c5 3. d5 b5 4. f3 bxc4 5. e4 d6 6. Nc3 g6 7. Bxc4 Bg7 8. Nge2
O-O 9. Bg5 Ba6 10. Bxa6 Nxa6 11. O-O Nb4 12. a3 Na6 13. Qd3 Nc7 14. b4 a6 15.
bxc5 dxc5 16. Rab1 Rb8 17. Rxb8 Qxb8 18. e5 Nd7 19. f4 Qb3 20. Bxe7 Rb8 21. Rb1
Qxa3 22. Rxb8+ Nxb8 23. d6 Ne6 24. d7 Nc6 25. Qd6 Ncd8 26. Qb6 Qb4 27. Bxd8 Nxf4
28. Qxb4 cxb4 29. Bf6 Ne6 30. Na4 b3 31. Nd4 1-0

[Event "AUTO-ADV-1228"]
[Site "http://www.queenalice.com/game.php?id=610672"]
[Date "2009.6.29"]
[Round "2"]
[White "mrhooper"]
[Black "Soncini"]
[Result "0-1"]
[WhiteElo "1964"]
[BlackElo "2110"]

1. e4 e6 2. d3 d5 3. Nd2 e5 4. Ngf3 Bg4 5. Be2 f6 6. O-O Bc5 7. h3 Bh5 8. Nb3
Na6 9. Be3 d4 10. Bd2 Ne7 11. c3 Nc6 12. Nh4 Bxe2 13. Qxe2 Qd7 14. Qh5+ Qf7 15.
Qxf7+ Kxf7 16. Nf5 g6 17. Nh6+ Ke6 18. cxd4 Bxd4 19. Bc3 Bxc3 20. bxc3 Rad8 21.
Rad1 b6 22. f4 Nab8 23. fxe5 Nxe5 24. d4 Nc4 25. Ng4 Rhf8 26. Rfe1 h5 27. Ne3
Nxe3 28. Rxe3 a5 29. Rde1 a4 30. d5+ Ke5 31. Nd4 Rf7 32. g3 Kd6 33. h4 Re7 34.
Kg2 c5 35. Ne6 Rxe6 36. dxe6 Kxe6 37. Kf3 Nc6 38. Kf4 Rd2 39. R1e2 Rd1 40. Rb2
Rf1+ 41. Rf3 g5+ 42. Ke3 Re1+ 43. Re2 Rc1 44. Kf2 Ne5 45. Rfe3 Ng4+ 46. Kf3 Nxe3
47. Rxe3 Ke5 48. Rd3 g4+ 49. Ke2 Rc2+ 50. Ke3 Rxa2 51. Rd5+ Ke6 52. Kf4 Rf2+ 53.
Ke3 Rf3+ 0-1

[Event "AUTO-ADV-1228"]
[Site "http://www.queenalice.com/game.php?id=610673"]
[Date "2009.6.29"]
[Round "2"]
[White "Soncini"]
[Black "mrhooper"]
[Result "1-0"]
[WhiteElo "2070"]
[BlackElo "1976"]

1. d4 Nf6 2. Nd2 c5 3. c3 cxd4 4. cxd4 Nc6 5. Ngf3 d5 6. a3 e6 7. e3 g6 8. Bb5
Bg7 9. Ne5 Bd7 10. Nxd7 Qxd7 11. Qa4 O-O 12. Nb3 Qc7 13. Bxc6 Qxc6 14. Qxc6 bxc6
15. Na5 Rfc8 16. b4 Ne4 17. f3 Nd6 18. Bb2 Rab8 19. Rc1 Rb6 20. Kd2 Bh6 21. Rc2
Nf5 22. Re1 Nh4 23. Re2 Nf5 24. g4 Nd6 25. h4 Nb7 26. Nxb7 Rxb7 27. Kd3 Re7 28.
g5 Bg7 29. f4 h6 30. e4 hxg5 31. hxg5 Bf8 32. exd5 exd5 33. Rxe7 Bxe7 34. b5 c5
35. dxc5 Rxc5 36. Rxc5 Bxc5 37. Bd4 Bxa3 38. Bxa7 Bd6 39. Ke3 Kf8 40. Bd4 Ke7
41. b6 Bb8 42. Be5 Bxe5 43. fxe5 Kd7 44. Kd4 Kc6 45. b7 Kxb7 46. Kxd5 Kc7 47. e6
Kd8 48. exf7 Ke7 49. f8=Q+ Kxf8 50. Ke6 Kg7 51. Ke7 Kh7 52. Kf7 Kh8 53. Kxg6 Kg8
54. Kh6 1-0

[Event "AUTO-ADV-1228"]
[Site "http://www.queenalice.com/game.php?id=610674"]
[Date "2009.6.29"]
[Round "2"]
[White "mrhooper"]
[Black "alexsoncini"]
[Result "0-1"]
[WhiteElo "1952"]
[BlackElo "2140"]

1. e4 e6 2. d3 d5 3. Nd2 e5 4. Ngf3 Nc6 5. Be2 Nf6 6. O-O dxe4 7. Nxe4 Nxe4 8.
dxe4 Qxd1 9. Rxd1 Bc5 10. Rd5 Bd6 11. b3 f6 12. Bb2 a6 13. c4 Be6 14. Rdd1 O-O-O
15. a3 Bc5 16. b4 Be7 17. c5 Rxd1+ 18. Rxd1 Rd8 19. Nd2 a5 20. Bc3 axb4 21. axb4
Nd4 22. Kf1 Nxe2 23. Kxe2 c6 24. f3 Kc7 25. Rb1 b6 26. cxb6+ Kxb6 27. g4 Ra8 28.
Kd3 Kb5 29. Nb3 Bxb3 30. Rxb3 Ra4 31. h4 Bxb4 32. g5 c5 33. Rb2 Ra3 0-1

[Event "AUTO-ADV-1228"]
[Site "http://www.queenalice.com/game.php?id=610675"]
[Date "2009.6.29"]
[Round "2"]
[White "alexsoncini"]
[Black "mrhooper"]
[Result "1/2-1/2"]
[WhiteElo "2165"]
[BlackElo "1966"]

1. d4 Nf6 2. e3 c5 3. Bd3 g6 4. Nf3 Bg7 5. c3 O-O 6. Nbd2 b6 7. O-O Bb7 8. Qe2
d6 9. e4 cxd4 10. cxd4 Nc6 11. a3 e6 12. b4 Nd7 13. Bb2 e5 14. dxe5 dxe5 15.
Rfd1 a6 16. b5 axb5 17. Bxb5 Nc5 18. Bxc6 Bxc6 19. Nxe5 Bxe5 20. Bxe5 Qg5 21.
Bd6 Rfe8 22. Bxc5 Qxc5 23. Qc4 Bxe4 24. Qxc5 bxc5 25. f3 Bd5 26. Rdc1 Re2 27.
Ne4 Bxe4 28. fxe4 Rxe4 29. Rxc5 Kg7 30. Rc2 Rea4 31. Rc3 h5 32. Kf2 Rf4+ 33. Rf3
Rxf3+ 34. Kxf3 g5 35. a4 Ra5 36. g4 f5 37. gxf5 Rxf5+ 38. Ke3 Ra5 39. Rg1 Kh6
40. Ra1 Kg6 41. Kf3 Kf5 42. Ke3 Ke5 43. Kf3 Kf5 1/2-1/2

[Event "Challenge"]
[Site "http://www.queenalice.com/game.php?id=639914"]
[Date "2009.8.21"]
[Round "-"]
[White "ORNELAS"]
[Black "mrhooper"]
[Result "0-1"]
[WhiteElo "1667"]
[BlackElo "1934"]

1. d4 Nf6 2. Nf3 g6 3. Bg5 Bg7 4. c3 O-O 5. Qc1 d6 6. Bh6 Bg4 7. Bxg7 Kxg7 8.
Nbd2 Nbd7 9. h3 Be6 10. Ng5 c5 11. Nxe6+ fxe6 12. e3 cxd4 13. cxd4 e5 14. dxe5
Nxe5 15. Be2 Rc8 16. Qb1 Qa5 17. a3 Qd5 18. O-O Qxd2 19. Re1 Rc2 20. Ra2 Rfc8
21. Qd1 Qa5 22. Qb1 Ne4 23. b4 Qc7 24. Rxc2 Qxc2 25. Qa1 Qc3 26. Qb1 Qd2 27. f3
Qxe3+ 28. Kh2 Qf4+ 29. Kg1 Qg3 30. fxe4 Qxa3 31. b5 Nc4 32. e5 Nxe5 33. Qe4 Rc7
34. Kh2 Nf7 35. Qd4+ e5 36. Qh4 Qc3 37. Bg4 Qc4 38. Qg3 Qf4 39. Qxf4 exf4 40.
Ra1 b6 41. Be6 Kf6 42. Bg4 Kg5 43. Rd1 Kf6 44. Rd4 g5 45. Rd5 Rc5 46. Rd2 Rxb5
47. Ra2 a5 48. Bd7 Rb4 49. Re2 Ne5 50. Be8 a4 51. Ra2 b5 52. Rd2 Ke7 53. Bh5 a3
54. Ra2 Ra4 55. Bd1 Ra8 56. Bb3 b4 57. Bd5 Rb8 58. Kg1 Rb5 59. Bb3 d5 60. Kf2
Kd6 61. Rd2 h5 62. Rc2 Rc5 63. Re2 Rc3 64. Ba2 Nd3+ 65. Kg1 Nc1 66. Rd2 Nxa2 67.
Rxa2 Rb3 68. Kh2 Rb2 69. Ra1 a2 70. h4 g4 71. Rc1 Rb1 72. Rxb1 axb1=Q 73. g3
Qc2+ 74. Kg1 f3 75. Kf1 Qe2+ 76. Kg1 Qg2# 0-1

[Event "AUTO-MASTER-769"]
[Site "http://www.queenalice.com/game.php?id=642667"]
[Date "2009.8.26"]
[Round "2"]
[White "mennecy91"]
[Black "mrhooper"]
[Result "1-0"]
[WhiteElo "2186"]
[BlackElo "1939"]

1. e4 c5 2. Nf3 d6 3. d4 Nf6 4. Nc3 cxd4 5. Nxd4 a6 6. Be3 e5 7. Nb3 Be6 8. Be2
Be7 9. O-O O-O 10. Nd5 Nbd7 11. f4 Rc8 12. f5 Bxd5 13. exd5 Nc5 14. Nxc5 dxc5
15. Qe1 Nxd5 16. Rd1 Qb6 17. Rxd5 Qxb2 18. Rd7 Rfe8 19. f6 Bxf6 20. Rxf6 gxf6
21. Qg3+ Kh8 22. Rxf7 Rg8 23. Rxh7+ Kxh7 24. Bd3+ Kh8 25. Qh4+ Kg7 26. Qh7+ 1-0

[Event "AUTO-MASTER-769"]
[Site "http://www.queenalice.com/game.php?id=642668"]
[Date "2009.8.26"]
[Round "2"]
[White "mrhooper"]
[Black "mennecy91"]
[Result "0-1"]
[WhiteElo "1954"]
[BlackElo "2227"]

1. e4 e6 2. d3 d5 3. Nd2 c5 4. g3 Nc6 5. Bg2 Nf6 6. Ngf3 Be7 7. O-O O-O 8. Re1
dxe4 9. dxe4 e5 10. c3 Bg4 11. Qc2 Be6 12. Ng5 Bd7 13. Nc4 h6 14. Nf3 Qc7 15.
Qe2 Rad8 16. b4 cxb4 17. cxb4 Bxb4 18. Bd2 Bxd2 19. Ncxd2 Be6 20. Nc4 Nd4 21.
Nxd4 Bxc4 22. Rac1 Rxd4 0-1

[Event "AUTO-MASTER-769"]
[Site "http://www.queenalice.com/game.php?id=642669"]
[Date "2009.8.26"]
[Round "2"]
[White "CSI"]
[Black "mrhooper"]
[Result "1-0"]
[WhiteElo "2196"]
[BlackElo "1962"]

1. e4 c5 2. Nf3 d6 3. d4 Nf6 4. Nc3 cxd4 5. Nxd4 a6 6. Bg5 e6 7. f4 Be7 8. Qf3
h6 9. Bh4 Qc7 10. O-O-O Nbd7 11. Qg3 b5 12. f5 e5 13. Qxg7 Rg8 14. Nd5 Qa5 15.
Nc6 Rxg7 16. Nxa5 Nxd5 17. Bxe7 Nxe7 18. Rxd6 Ng8 19. g3 Ke7 20. Rd2 f6 21. Be2
Kf8 22. Rhd1 Ra7 23. Nc6 Rc7 24. Rd6 Bb7 25. Nd8 Nc5 26. Nxb7 Rxb7 27. Rd8+ Kf7
28. Bh5+ 1-0

[Event "AUTO-MASTER-769"]
[Site "http://www.queenalice.com/game.php?id=642670"]
[Date "2009.8.26"]
[Round "2"]
[White "mrhooper"]
[Black "CSI"]
[Result "0-1"]
[WhiteElo "1955"]
[BlackElo "2201"]

1. e4 e6 2. d4 d5 3. Nc3 Bb4 4. e5 c5 5. a3 Bxc3+ 6. bxc3 Ne7 7. Qg4 O-O 8. Bd3
f5 9. exf6 Rxf6 10. Bg5 Rf7 11. Qh5 g6 12. Qd1 Nbc6 13. Nf3 Qa5 14. Bd2 b6 15.
O-O c4 16. Be2 Nf5 17. Ng5 Rf8 18. Re1 e5 19. Bg4 exd4 20. cxd4 c3 21. Bf4 Nfxd4
22. Bd6 Bxg4 23. Qxg4 Rf5 24. Bb4 Qa4 25. Qh4 h5 26. Qg3 Qxc2 27. Qe3 Re5 28.
Qxc3 Rxg5 29. Qe3 Re5 30. Qh6 Ne2+ 31. Kf1 Nxb4 32. axb4 Rf8 0-1

[Event "Challenge"]
[Site "http://www.queenalice.com/game.php?id=649461"]
[Date "2009.9.8"]
[Round "-"]
[White "PAID3"]
[Black "mrhooper"]
[Result "0-1"]
[WhiteElo "1049"]
[BlackElo "1974"]

1. e4 c5 2. Qf3 Nc6 3. g4 d6 4. Bb5 Bd7 5. Ne2 g6 6. c3 Bg7 7. d4 cxd4 8. cxd4
Qa5+ 9. Bd2 Qxb5 10. d5 Ne5 11. Nbc3 Nxf3+ 12. Kf1 Nxd2+ 13. Kg1 Bxc3 14. bxc3
Qxe2 15. Kg2 Qf3+ 16. Kg1 Qxg4# 0-1

[Event "Challenge"]
[Site "http://www.queenalice.com/game.php?id=672989"]
[Date "2009.10.27"]
[Round "-"]
[White "OnlyJoking"]
[Black "mrhooper"]
[Result "0-1"]
[WhiteElo "1870"]
[BlackElo "1933"]

1. Nf3 g6 2. d4 Bg7 3. c4 Nf6 4. g3 d5 5. cxd5 Nxd5 6. Bg2 Nb6 7. Nc3 O-O 8. O-O
Na6 9. Bf4 h6 10. b3 c6 11. e4 Bg4 12. Qd2 Bxf3 13. Bxf3 Nd7 14. Bxh6 c5 15.
Bxg7 Kxg7 16. h4 Ne5 17. Be2 cxd4 18. Nd5 d3 19. Bd1 e6 20. Nf4 Qd4 21. Rc1 Qxe4
22. Re1 Qd4 23. a3 Nc5 24. Rxe5 Qxe5 0-1

[Event "AUTO-OPEN-1592"]
[Site "http://www.queenalice.com/game.php?id=719785"]
[Date "2010.1.25"]
[Round "2"]
[White "Pcchess"]
[Black "mrhooper"]
[Result "1-0"]
[WhiteElo "2071"]
[BlackElo "1991"]

1. e4 c5 2. Nc3 Nc6 3. g3 g6 4. Bg2 Bg7 5. d3 d6 6. f4 e6 7. Nf3 Nge7 8. Be3 O-O
9. Qd2 b6 10. O-O Bb7 11. Rae1 Qd7 12. g4 f5 13. exf5 exf5 14. g5 d5 15. d4 Ba6
16. Rf2 Rae8 17. Ne5 Nxe5 18. fxe5 Nc6 19. Bxd5+ Kh8 20. Bxc6 Qxc6 21. d5 1-0

[Event "AUTO-OPEN-1592"]
[Site "http://www.queenalice.com/game.php?id=719786"]
[Date "2010.1.25"]
[Round "2"]
[White "mrhooper"]
[Black "Pcchess"]
[Result "0-1"]
[WhiteElo "1978"]
[BlackElo "2084"]

1. e4 c5 2. Nf3 Nc6 3. d4 cxd4 4. Nxd4 Nf6 5. Nc3 e5 6. Ndb5 d6 7. Bg5 a6 8. Na3
b5 9. Bxf6 gxf6 10. Nd5 f5 11. Bd3 f4 12. c3 Be6 13. g3 fxg3 14. fxg3 Bxd5 15.
exd5 Ne7 16. Qf3 Bg7 17. Rf1 O-O 18. O-O-O Rc8 19. Qh5 Ng6 20. Rf5 Rc5 21. Be4
b4 0-1

[Event "AUTO-OPEN-1592"]
[Site "http://www.queenalice.com/game.php?id=719799"]
[Date "2010.1.25"]
[Round "2"]
[White "mrhooper"]
[Black "Savage_king"]
[Result "0-1"]
[WhiteElo "1966"]
[BlackElo "2129"]

1. e4 e5 2. Nf3 Nc6 3. Bc4 Nf6 4. Ng5 Bc5 5. Bxf7+ Ke7 6. Bd5 Rf8 7. O-O d6 8.
d3 Bg4 9. Qd2 h6 10. h3 Bh5 11. Ne6 Qc8 12. Nxf8 Qxf8 13. Nc3 Nd4 14. Bxb7 Rb8
15. Ba6 Qf7 16. Bc4 Qg6 0-1

[Event "AUTO-OPEN-1592"]
[Site "http://www.queenalice.com/game.php?id=719800"]
[Date "2010.1.25"]
[Round "2"]
[White "Savage_king"]
[Black "mrhooper"]
[Result "1-0"]
[WhiteElo "2136"]
[BlackElo "1957"]

1. e4 c5 2. Nf3 d6 3. Bb5+ Bd7 4. Bxd7+ Qxd7 5. c4 Nc6 6. Nc3 g6 7. d4 cxd4 8.
Nxd4 Bg7 9. Be3 Nf6 10. f3 O-O 11. Qd2 Rfc8 12. b3 a6 13. Rc1 Nxd4 14. Bxd4 b5
15. cxb5 axb5 16. O-O 1-0